00371nam a2200097Ia 4500008004100000245013200041245001800173260000900191650002500200856004800225171204s9999 xx 000 0 und d 4aThe Emergence of Film Culture: Knowledge Production, Institution Building, and the Fate of the Avant-garde in Europe, 1919-1945 cMalte Hagener c2014 xINTRODUCTION TO FILM uhttp://down.ebook777.com/053/1782384235.pdf